000 00589nam a2200217Ia 4500
003 OSt
005 20220926013718.0
006 a|||||r|||| 00| 0
007 ta
008 220923b |||||||| |||| 00| 0 eng d
037 _cGeneral Book
040 _aRTL
_cRTL
_beng
041 _2eng
_aeng
082 _aU47, J3
100 _aHuntington Ellsworth
_994151
245 0 _aPrinciples of human geography
260 _aNew York
_bJohn Wiley & Sons
_c1953
300 _axviii, 773p
_ccm.
942 _hU47, J3
_cGB
_2CC
999 _c626691
_d626691